| 000 | 00703nam a2200169 4500 | ||
|---|---|---|---|
| 001 | 1274 | ||
| 005 | 20230411085949.0 | ||
| 008 | 060907n1998 dr spa | ||
| 035 | _9funglode1280 | ||
| 041 | _aES | ||
| 245 | 0 |
_a50 años de ordenaciones sacerdotales 1948 - 1998 / _cRafael Bello Peguero |
|
| 260 |
_aSanto Domingo : _bImp. Amigo del Hogar, _c1998 |
||
| 300 | _a51 p. | ||
| 520 | _aRelaciones alfabética, 13. -- Relaciones cronológica, 23. -- Relaciones por diócesis, 33. -- Jerarcas dominicanos egresados del Seminario Pontificio Santo Tomás de Aquino, 49. -- Diócesis dominicanas con sus Obispos residenciales, 51 | ||
| 700 | _aBello Peguero, Rafael | ||
| 942 |
_2lcc _cbk |
||
| 999 |
_c110103 _d110103 |
||